Enrique Gil y Carrasco y el Romanticismo : (Record no. 186730)
[ view plain ]
| 000 -LEADER | |
|---|---|
| campo de control de longitud fija | 01540nam a2200325 i 4500 |
| 001 - NÚMERO DE CONTROL | |
| campo de control | 186730 |
| 003 - IDENTIFICADOR DE NÚMERO DE CONTROL | |
| campo de control | ES-MaACL |
| 005 - FECHA Y HORA DE LA ÚLTIMA TRANSACCIÓN | |
| campo de control | 20251003185748.0 |
| 007 - CAMPO FIJO DE DESCRIPCIÓN FÍSICA--INFORMACIÓN GENERAL | |
| campo de control de longitud fija | t| |
| 008 - DATOS DE LONGITUD FIJA--INFORMACIÓN GENERAL | |
| campo de control de longitud fija | 170209s2016 sp a |||| |dspa d |
| 020 ## - NÚMERO INTERNACIONAL ESTÁNDAR DEL LIBRO | |
| Número Internacional Estándar del Libro | 978-84-8408-903-2 |
| 080 ## - NÚMERO DE LA CLASIFICACIÓN DECIMAL UNIVERSAL | |
| Número de la Clasificación Decimal Universal | 821.134.2"18"(062.552) |
| 080 ## - NÚMERO DE LA CLASIFICACIÓN DECIMAL UNIVERSAL | |
| Número de la Clasificación Decimal Universal | 930.85(460)"18":82(460)(062.552) |
| 245 00 - MENCIÓN DEL TÍTULO | |
| Título | Enrique Gil y Carrasco y el Romanticismo : |
| Resto del título | actas del Congreso Internacional : El Bierzo, 14-18 de julio de 2015 / |
| Mención de responsabilidad, etc. | edición al cuidado de Valentín Carrera ; [Comité Organizador, Enrique Rubio Cremades, Raquel Gutiérrez, Borja Rodríguez, Valentín Carrera]. |
| 250 ## - MENCION DE EDICION | |
| Mención de edición | 1ª ed. |
| 260 ## - PUBLICACIÓN, DISTRIBUCIÓN, ETC. | |
| Lugar de publicación, distribución, etc. | [Santiago de Compostela] : |
| Nombre del editor, distribuidor, etc. | Andavira ; |
| Lugar de publicación, distribución, etc. | [León] : |
| Nombre del editor, distribuidor, etc. | Universidad de León : |
| -- | Consejo Comarcal del Bierzo, |
| Fecha de publicación, distribución, etc. | 2016. |
| 300 ## - DESCRIPCIÓN FÍSICA | |
| Extensión | 604 p. : |
| Otras características físicas | il. col. y n. ; |
| Dimensiones | 25 cm. |
| 504 ## - NOTA DE BIBLIOGRAFÍA, ETC. | |
| Nota de bibliografía, etc. | Referencias bibliográficas. |
| 594 ## - Nota al título y mención de responsabilidad | |
| Nota al título y mención de responsabilidad | En contracub: Biblioteca Gil y Carrasco / II Centerario, Enrique Gil, 1815-2015. |
| 600 17 - PUNTO DE ACCESO ADICIONAL DE MATERIA--NOMBRE DE PERSONA | |
| Nombre de persona | Gil y Carrasco, Enrique, |
| Fechas asociadas al nombre | 1815-1846- |
| Subdivisión de forma | Congresos y asambleas |
| Fuente del encabezamiento o término | |
| 9 (RLIN) | 161684 |
| 650 #4 - PUNTO DE ACCESO ADICIONAL DE MATERIA--TÉRMINO DE MATERIA | |
| Término de materia o nombre geográfico como elemento de entrada | Romanticismo (Literatura)- |
| Subdivisión geográfica | España- |
| Subdivisión de forma | Congresos y asambleas. |
| 9 (RLIN) | 172417 |
| 650 #4 - PUNTO DE ACCESO ADICIONAL DE MATERIA--TÉRMINO DE MATERIA | |
| Término de materia o nombre geográfico como elemento de entrada | Literatura española- |
| Subdivisión cronológica | S.XIX- |
| Subdivisión de forma | Congresos y asambleas. |
| 9 (RLIN) | 141282 |
| 700 1# - ENTRADA AGREGADA--NOMBRE PERSONAL | |
| Nombre de persona | Carrera, Valentín, |
| Fechas asociadas al nombre | 1958- |
| 9 (RLIN) | 161685 |
| 700 1# - ENTRADA AGREGADA--NOMBRE PERSONAL | |
| Nombre de persona | Rubio Cremades, Enrique. |
| 9 (RLIN) | 100398 |
| 700 1# - ENTRADA AGREGADA--NOMBRE PERSONAL | |
| Nombre de persona | Gutiérrez Sebastián, Raquel. |
| 9 (RLIN) | 137734 |
| 700 1# - ENTRADA AGREGADA--NOMBRE PERSONAL | |
| Nombre de persona | Rodríguez Gutiérrez, Borja. |
| 9 (RLIN) | 98567 |
| 710 2# - ENTRADA AGREGADA--NOMBRE DE ENTIDAD CORPORATIVA | |
| Nombre de entidad corporativa o nombre de jurisdicción como elemento de entrada | Universidad de León. |
| 9 (RLIN) | 7200 |
| 852 ## - LOCALIZACIÓN | |
| Ubicación | ES-MaACL |
| Número de control de estantería | N-7013 |
| Nota libre | - Enc. cart. |
| Estatus retirado | Estado de pérdida | Estado de daño | No para préstamo | Biblioteca de origen | Biblioteca actual | Ubicación en estantería | Fecha de adquisición | Fuente de adquisición | Total de préstamos | Signatura topográfica completa | Código de barras | Visto por última vez | Precio de reemplazo | Tipo de ítem Koha |
|---|---|---|---|---|---|---|---|---|---|---|---|---|---|---|
| Biblioteca del Ateneo de Madrid | Biblioteca del Ateneo de Madrid | Sala Pecera Depósito 2 | 09/02/2017 | N-7013 | 1196964 | 23/02/2023 | 23/02/2023 | Libro impreso |
